000 00669nam a2200205 a 4500
005 20140310183511.0
008 101014s19uu xx 00 eng d
020 _a9781844453771
050 _aLB 1033.5
_b.Ap66 2010
100 _aAppleyard, Nancy
245 _aCommunicating with learners in the lifelong learning sector.
_cNancy Appleyard
260 _aGreat Britain :
_blearning Matters,
_c2010.
300 _a138 p. :
_bill. ;
_c25 cm.
440 _aAchieving QTLS
650 _aCommunication in Education-Great Britain.
650 _aTeacher-student relationships-Great Britain.
700 _aAppleyard, Keith
942 _cBK
_2lcc
_kFOR
999 _c24171
_d24171